000
00298nam a2200121Ia 4500
008
190216s9999||||xx |||||||||||||| ||und||
100
_a
Hedhu Bharaduraj
245
0
_a
Hindi- Raste Band Nahin Hote
260
_b
Panchazeel Prakashan Jaipure
_c
2000
300
_a
170
650
_a
Hindi
942
_c
BK
999
_c
16142
_d
16142